Writing for the TOEFL iBT (Record no. 590726)

000 -LEADER
fixed length control field 03318cam a2200649 i 4500
001 - CONTROL NUMBER
control field 19447833
003 - CONTROL NUMBER IDENTIFIER
control field NUST
005 - DATE AND TIME OF LATEST TRANSACTION
control field 20220825111840.0
007 - PHYSICAL DESCRIPTION FIXED FIELD--GENERAL INFORMATION
fixed length control field sd fsngnnmmned
007 - PHYSICAL DESCRIPTION FIXED FIELD--GENERAL INFORMATION
fixed length control field co nga|a||d|||
008 - FIXED-LENGTH DATA ELEMENTS--GENERAL INFORMATION
fixed length control field 170112t20172017nyua 000 0 eng d
010 ## - LIBRARY OF CONGRESS CONTROL NUMBER
LC control number 2017931010
020 ## - INTERNATIONAL STANDARD BOOK NUMBER
International Standard Book Number 9781438077987
Qualifying information (paperback)
020 ## - INTERNATIONAL STANDARD BOOK NUMBER
International Standard Book Number 143807798X
020 ## - INTERNATIONAL STANDARD BOOK NUMBER
International Standard Book Number 9781438087894
020 ## - INTERNATIONAL STANDARD BOOK NUMBER
International Standard Book Number 1438087896
035 ## - SYSTEM CONTROL NUMBER
System control number (OCoLC)ocn973280804
038 ## - RECORD CONTENT LICENSOR
Staff Name Azhar
040 ## - CATALOGING SOURCE
Original cataloging agency BTCTA
Language of cataloging eng
Transcribing agency BTCTA
Description conventions rda
Modifying agency YDX
-- JQW
-- CHILD
-- VP@
-- OCL
-- K6U
-- FBR
-- FLWMD
-- SPP
-- SINLB
-- TCJ
-- OCLCQ
-- OCLCO
-- DLC
042 ## - AUTHENTICATION CODE
Authentication code lccopycat
050 00 - LIBRARY OF CONGRESS CALL NUMBER
Classification number PE1128
Item number .L658 2017
082 04 - DEWEY DECIMAL CLASSIFICATION NUMBER
Classification number 428.24076
Edition number 23
Author Mark LOU
100 1# - MAIN ENTRY--PERSONAL NAME
Personal name Lougheed, Lin,
Dates associated with a name 1946-
Relator term author.
9 (RLIN) 82417
245 10 - TITLE STATEMENT
Title Writing for the TOEFL iBT
Statement of responsibility, etc. Lin Lougheed.
246 30 - VARYING FORM OF TITLE
Title proper/short title TOEFL iBT
246 1# - VARYING FORM OF TITLE
Display text At head of title:
Title proper/short title Barron's
250 ## - EDITION STATEMENT
Edition statement 6th edition.
260 ## - PUBLICATION, DISTRIBUTION, ETC.
Place of publication, distribution, etc. Hauppauge, NY :
Name of publisher, distributor, etc. Barron's,
Date of publication, distribution, etc. 2017
264 #1 - PRODUCTION, PUBLICATION, DISTRIBUTION, MANUFACTURE, AND COPYRIGHT NOTICE
Date of production, publication, distribution, manufacture, or copyright notice 2017.
300 ## - PHYSICAL DESCRIPTION
Extent v, 309 pages :
Other physical details illustrations ;
Dimensions 28 cm +
Accompanying material 1 audio disc (digital, MP3 file ; 4 3/4 in.)
336 ## - CONTENT TYPE
Content type term text
Content type code txt
Source rdacontent
336 ## - CONTENT TYPE
Content type term spoken word
Content type code spw
Source rdacontent
Materials specified MP3 CD
337 ## - MEDIA TYPE
Media type term unmediated
Media type code n
Source rdamedia
337 ## - MEDIA TYPE
Media type term audio
Media type code s
Source rdamedia
Materials specified MP3 CD
338 ## - CARRIER TYPE
Carrier type term volume
Carrier type code nc
Source rdacarrier
338 ## - CARRIER TYPE
Carrier type term audio disc
Carrier type code sd
Source rdacarrier
Materials specified MP3 CD
344 ## - SOUND CHARACTERISTICS
Type of recording digital
Recording medium optical
Source rda
Materials specified MP3 CD
347 ## - DIGITAL FILE CHARACTERISTICS
File type audio file
Encoding format MP3
Source rda
Materials specified MP3 CD
500 ## - GENERAL NOTE
General note "4 writing model tests"--Cover.
505 0# - FORMATTED CONTENTS NOTE
Formatted contents note Self-test -- Writing skills: integrated task -- Writing skills: independent task -- Writing skills: both tasks -- Model tests.
520 ## - SUMMARY, ETC.
Summary, etc. This updated manual prepares students to succeed on the TOEFL's Independent Task, the all-important essay question, and on the Integrated Task, which combines reading, listening, and writing skills. The author presents a three-step program designed to help students write like native speakers of English. His coaching entails gathering ideas, organizing details, and developing the chosen topic into clear, grammatical written English. He also provides exercises in proofreading and editing. Model essays and model integrated tasks are included for students to read and analyze. Lectures typical of those presented on actual tests are contained on the MP3 CD enclosed with the manual.
650 #0 - SUBJECT ADDED ENTRY--TOPICAL TERM
Topical term or geographic name entry element Test of English as a Foreign Language
Form subdivision Study guides.
9 (RLIN) 55500
650 #0 - SUBJECT ADDED ENTRY--TOPICAL TERM
Topical term or geographic name entry element English language
Form subdivision Textbooks for foreign speakers.
9 (RLIN) 13132
650 #0 - SUBJECT ADDED ENTRY--TOPICAL TERM
Topical term or geographic name entry element English language
General subdivision Examinations
Form subdivision Study guides.
9 (RLIN) 55501
650 #0 - SUBJECT ADDED ENTRY--TOPICAL TERM
Topical term or geographic name entry element English language
Form subdivision Sound recordings for foreign speakers.
9 (RLIN) 95329
650 #7 - SUBJECT ADDED ENTRY--TOPICAL TERM
Topical term or geographic name entry element English language.
Source of heading or term fast
Authority record control number or standard number (OCoLC)fst00910920
650 #7 - SUBJECT ADDED ENTRY--TOPICAL TERM
Topical term or geographic name entry element English language
General subdivision Examinations.
Source of heading or term fast
Authority record control number or standard number (OCoLC)fst00911153
9 (RLIN) 38860
650 #7 - SUBJECT ADDED ENTRY--TOPICAL TERM
Topical term or geographic name entry element Test of English as a Foreign Language.
Source of heading or term fast
Authority record control number or standard number (OCoLC)fst01148211
655 #7 - INDEX TERM--GENRE/FORM
Genre/form data or focus term Sound recordings
Form subdivision for foreign speakers.
Source of term fast
Authority record control number (OCoLC)fst01423859
9 (RLIN) 95330
655 #7 - INDEX TERM--GENRE/FORM
Genre/form data or focus term Study guides.
Source of term fast
Authority record control number (OCoLC)fst01423888
9 (RLIN) 24862
655 #7 - INDEX TERM--GENRE/FORM
Genre/form data or focus term Textbooks
Form subdivision for foreign speakers.
Source of term fast
Authority record control number (OCoLC)fst01423864
9 (RLIN) 94774
655 #7 - INDEX TERM--GENRE/FORM
Genre/form data or focus term Study guides.
Source of term lcgft
9 (RLIN) 24862
710 2# - ADDED ENTRY--CORPORATE NAME
Corporate name or jurisdiction name as entry element Barron's Educational Series, Inc.
9 (RLIN) 46776
906 ## - LOCAL DATA ELEMENT F, LDF (RLIN)
a 7
b cbc
c copycat
d 2
e epcn
f 20
g y-gencatlg
942 ## - ADDED ENTRY ELEMENTS (KOHA)
Source of classification or shelving scheme
Koha item type Lincoln Corner
Holdings
Withdrawn status Lost status Source of classification or shelving scheme Damaged status Not for loan Permanent Location Current Location Shelving location Date acquired Full call number Barcode Date last seen Price effective from Koha item type
          Central Library (CL) Central Library (CL) Lincoln Corner 08/01/2022 428.24076 LOU LC-124 08/01/2022 08/01/2022 Reference
© 2023 Central Library, National University of Sciences and Technology. All Rights Reserved.